[Event "YUG-ch31"]
[Site "Bor"]
[Date "1976.02.25"]
[Round "17"]
[White "Vukic, Milan"]
[Black "Ivkov, Borislav"]
[Result "0-1"]
[WhiteElo "2510"]
[BlackElo "2520"]
[PlyCount "112"]
[EventDate "1976.02.04"]
[EventType "tourn"]
[EventRounds "17"]
[EventCountry "YUG"]
[SourceTitle "EXT 2010"]
[Source "ChessBase"]
[SourceDate "2010.11.25"]
[SourceVersion "1"]
[SourceVersionDate "2010.11.25"]
[SourceQuality "1"]

1. Nf3 c5 2. c4 g6 3. d4 cxd4 4. Nxd4 Bg7 5. e4 Nc6 6. Be3 Nf6 7. Nc3 d6 8. Be2
O-O 9. O-O Bd7 10. Rc1 Nxd4 11. Bxd4 Bc6 12. Qd3 a5 13. f3 Nd7 14. Be3 Nc5 15.
Qd2 a4 16. Rfe1 Qa5 17. Bf1 Rfc8 18. Rc2 Na6 19. Bd4 Nb4 20. Rcc1 Nxa2 21. Rc2
Nb4 22. Rcc1 Na2 23. Rc2 Bxd4+ 24. Qxd4 Nxc3 25. Rxc3 Qc5 26. Qe3 Bd7 27. Kf2
Ra6 28. Qxc5 Rxc5 29. b4 axb3 30. Rxb3 Bc6 31. Rb2 Ra3 32. Re3 Rxe3 33. Kxe3
Ra5 34. Bd3 g5 35. Be2 Kg7 36. Rb3 h6 37. Rd3 Kf6 38. g3 Ra2 39. Rd2 Rxd2 40.
Kxd2 g4 41. f4 Bxe4 42. Bxg4 b6 43. Ke3 Bf5 44. Be2 Be6 45. Kd4 Bc8 46. Bh5 Bb7
47. h4 e5+ 48. fxe5+ dxe5+ 49. Kc3 Bg2 50. g4 Kg7 51. g5 hxg5 52. hxg5 e4 53.
Bd1 Kg6 54. Bb3 Kxg5 55. c5 bxc5 56. Bxf7 Bf1 0-1

[Event "Stip"]
[Site "Stip"]
[Date "1977.11.??"]
[Round "10"]
[White "Ivkov, Borislav"]
[Black "Bukic, Enver"]
[Result "1-0"]
[WhiteElo "2510"]
[BlackElo "2490"]
[PlyCount "82"]
[EventDate "1977.11.??"]
[EventType "tourn"]
[EventRounds "13"]
[EventCountry "YUG"]
[EventCategory "8"]
[SourceTitle "EXT 2001"]
[Source "ChessBase"]
[SourceDate "2000.11.22"]
[SourceVersion "1"]
[SourceVersionDate "2000.11.22"]
[SourceQuality "1"]

1. d4 Nf6 2. c4 g6 3. Nc3 Bg7 4. e4 d6 5. Nf3 O-O 6. Be2 e5 7. Be3 Ng4 8. Bg5
f6 9. Bh4 g5 10. Bg3 Nh6 11. dxe5 fxe5 12. h4 g4 13. Nh2 Be6 14. Nd5 Qd7 15.
Ne3 Na6 16. Nexg4 Nc5 17. Nxh6+ Bxh6 18. Qc2 a5 19. f3 Be3 20. Nf1 Bd4 21. Bf2
Bxf2+ 22. Kxf2 Qc6 23. Ke1 Qb6 24. Qd2 Rf7 25. Ne3 Raf8 26. h5 h6 27. Rb1 Rg7
28. Bd1 Rg5 29. Bc2 Rf4 30. b3 Nd7 31. Qf2 Qb4+ 32. Kd1 Qa3 33. g3 Rf8 34. f4
Qxa2 35. Nf5 Bxf5 36. exf5 Rgxf5 37. g4 Qxb1+ 38. Bxb1 Rxf4 39. Qg2 Nf6 40. Bf5
c6 41. g5 hxg5 1-0

[Event "Las Palmas-08"]
[Site "Las Palmas"]
[Date "1979.??.??"]
[Round "?"]
[White "Geller, Efim P"]
[Black "Ivkov, Borislav"]
[Result "0-1"]
[WhiteElo "2550"]
[BlackElo "2525"]
[PlyCount "48"]
[EventDate "1979.??.??"]
[EventType "tourn"]
[EventRounds "11"]
[EventCountry "ESP"]
[EventCategory "8"]
[SourceTitle "EXT 2004"]
[Source "ChessBase"]
[SourceDate "2003.11.25"]
[SourceVersion "1"]
[SourceVersionDate "2003.11.25"]
[SourceQuality "1"]

1. e4 e5 2. Nf3 Nc6 3. Bb5 a6 4. Ba4 Nf6 5. O-O Be7 6. Re1 b5 7. Bb3 d6 8. c3
O-O 9. h3 Bb7 10. d4 Re8 11. Nbd2 Bf8 12. Bc2 g6 13. d5 Nb8 14. b3 c6 15. c4
Nbd7 16. a4 Qc7 17. Ba3 cxd5 18. cxd5 Rec8 19. Bd3 Nc5 20. Bf1 Qb6 21. Qe2 b4
22. Nc4 Qa7 23. Bxb4 Ncxe4 24. a5 Nxd5 0-1

[Event "Buenos Aires Clarin International"]
[Site "Buenos Aires"]
[Date "1979.??.??"]
[Round "8"]
[White "Ivkov, Borislav"]
[Black "Gheorghiu, Florin"]
[Result "1-0"]
[WhiteElo "2525"]
[BlackElo "2540"]
[Annotator "Notkin,M"]
[PlyCount "63"]
[EventDate "1979.11.26"]
[EventType "tourn"]
[EventRounds "13"]
[EventCountry "ARG"]
[EventCategory "11"]
[SourceTitle "MCL"]
[Source "ChessBase"]
[SourceDate "1999.07.01"]
[SourceVersion "1"]
[SourceVersionDate "1999.07.01"]
[SourceQuality "1"]

1. d4 Nf6 2. c4 c5 3. d5 g6 4. Nc3 Bg7 5. e4 d6 6. Nf3 O-O 7. h3 e6 8. Bd3 exd5
9. exd5 Re8+ 10. Be3 b5 (10... Nh5) (10... Bh6) 11. Nxb5 Ne4 12. O-O (12. Qc2
$5 a6 13. Nc3 Ng3 14. fxg3 Rxe3+ 15. Kf2 Bd4 16. Nxd4 cxd4 17. Ne4 $14 {
Agzamov,G-Yuferov,S/Riga/1975/1:0/81/}) 12... Bxb2 $2 (12... a6 13. Nc3 Nxc3
14. bxc3 Bxc3 15. Rc1 Bf6 16. Bf4 Qc7 17. Re1 Rxe1+ 18. Qxe1 Nd7 19. Rc2 $1 $14
{Gorelov,S-Ulibin,M/URS/1987/1:0/39/}) 13. Bxe4 $1 (13. Rb1 Bf6 14. Re1 a6 15.
Qa4 Bd7 16. Qa3 Bxb5 17. cxb5 Nc3 $13 {Tarjan,J-Ree,H/Lone Pine/1979/0,5/65/})
13... Rxe4 (13... Bxa1 14. Qxa1 Rxe4 15. Bg5 $16) 14. Qc2 Rxe3 (14... Bxa1 15.
Qxe4 $16) 15. Qxb2 $1 Rxf3 (15... Re8 16. Rae1 $16) 16. Rfe1 $1 $18 Bd7 (16...
Bxh3 17. Nxd6 $1 $18) (16... Rf6 17. Nc7 $18) 17. gxf3 Qg5+ 18. Kh1 Na6 19.
Nxd6 Bxh3 20. Rg1 $2 (20. Qh8+ $3 $18) 20... Qf4 (20... Qh4 $32 21. Rg3 Nb4)
21. Rg3 Qxd6 22. Rxh3 Re8 23. Kg2 {/\Rh7/} h5 24. Qc3 Nc7 25. Re1 Rd8 26. Rh4
Ne8 27. Rhe4 Qb8 28. Re7 Nd6 29. Qf6 Rf8 30. Qf4 Rd8 31. R1e6 $1 fxe6 32. Qf6
1-0

[Event "YUG-ch36 Final"]
[Site "Borovo"]
[Date "1981.03.06"]
[Round "9"]
[White "Ivkov, Borislav"]
[Black "Ivanovic, Bozidar"]
[Result "1-0"]
[WhiteElo "2540"]
[BlackElo "2490"]
[PlyCount "87"]
[EventDate "1981.02.24"]
[EventType "tourn"]
[EventRounds "19"]
[EventCountry "YUG"]
[EventCategory "9"]
[SourceTitle "EXT 1999"]
[Source "ChessBase"]
[SourceDate "1998.11.16"]
[SourceVersion "1"]
[SourceVersionDate "1998.11.16"]
[SourceQuality "1"]

1. d4 e6 2. c4 Nf6 3. Nf3 d5 4. Nc3 Be7 5. Bg5 O-O 6. e3 h6 7. Bxf6 Bxf6 8. Rc1
Nc6 9. cxd5 exd5 10. Bd3 Ne7 11. b4 Qd6 12. Qb3 Bg4 13. Be2 c6 14. b5 a5 15.
O-O Rfd8 16. bxc6 bxc6 17. Na4 Rdb8 18. Qc2 Qa3 19. Ra1 Bf5 20. Qd1 Nc8 21. Ne1
Nd6 22. Bd3 Ne4 23. Bc2 Be7 24. Bb3 Nd2 25. Qxd2 Rxb3 26. axb3 Qxa1 27. Nd3 Qa3
28. Qc3 Qa2 29. Ra1 Qe2 30. Nac5 Bd6 31. h3 Re8 32. Nf4 Qb5 33. Qxa5 Qb8 34.
Nfd3 Bxd3 35. Nxd3 Qxb3 36. Qa6 Rb8 37. Qxc6 Bg3 38. Qa6 Qb1+ 39. Ne1 Qb3 40.
fxg3 Qxe3+ 41. Kh2 Qxd4 42. Nf3 Qc3 43. Qd6 Qxa1 44. Qxb8+ 1-0

[Event "Budva Zonal"]
[Site "Budva"]
[Date "1981.??.??"]
[Round "4"]
[White "Makropoulos, Georgios"]
[Black "Ivkov, Borislav"]
[Result "0-1"]
[WhiteElo "2485"]
[BlackElo "2540"]
[PlyCount "154"]
[EventDate "1981.10.??"]
[EventType "tourn"]
[EventRounds "19"]
[EventCountry "YUG"]
[EventCategory "6"]
[SourceTitle "MCD"]
[Source "ChessBase"]
[SourceDate "1999.07.01"]
[SourceVersion "1"]
[SourceVersionDate "1999.07.01"]
[SourceQuality "1"]

1. e4 e5 2. Nf3 Nc6 3. c3 d5 4. Qa4 Qd6 5. d4 Bd7 6. Qb3 exd4 7. Qxd5 Nf6 8.
Qxd6 Bxd6 9. Bd3 dxc3 10. Nxc3 O-O 11. Bg5 Ng4 12. h3 Nge5 13. Nxe5 Nxe5 14.
Be2 Bc6 15. Be3 Rfe8 16. O-O-O Ng6 17. Bb5 Bxb5 18. Nxb5 Be5 19. g3 a6 20. Nd4
Bf6 21. f3 Ne5 22. Bf4 Rad8 23. Bxe5 Bxe5 24. Ne2 g6 25. b3 Bd6 26. g4 Kg7 27.
Kc2 Bb4 28. Nf4 Rxd1 29. Rxd1 Bd6 30. Nd3 f6 31. b4 Kf7 32. Nc5 Rb8 33. a3 a5
34. Kb3 axb4 35. axb4 Ke7 36. Na4 Rh8 37. Nc3 h5 38. Nd5+ Ke6 39. b5 hxg4 40.
hxg4 Rh3 41. Rd3 Be5 42. Kc4 g5 43. f4 Rxd3 44. f5+ Kd6 45. Kxd3 Kc5 46. Ne7
Kxb5 47. Ng6 Kc5 48. Nxe5 fxe5 49. Kc3 b5 50. Kb3 Kd6 51. Kb4 c6 52. Kc3 c5 53.
Kb3 c4+ 54. Kb4 Kc6 55. Kc3 Kc5 56. Kb2 b4 57. Kc2 c3 58. Kd3 Kd6 59. Kc2 Kc6
60. Kd3 Kc5 61. Kc2 Kc4 62. f6 b3+ 63. Kc1 Kd3 64. f7 b2+ 65. Kb1 Kd2 66. f8=Q
c2+ 67. Kxb2 c1=Q+ 68. Ka2 Qc2+ 69. Ka3 Qxe4 70. Qf5 Qe3+ 71. Kb4 e4 72. Qd5+
Ke1 73. Qf5 Qd4+ 74. Kb5 e3 75. Qxg5 e2 76. Qc1+ Kf2 77. Qc2 Qe5+ 0-1

[Event "Moscow International-A"]
[Site "Moscow"]
[Date "1985.04.??"]
[Round "?"]
[White "Dolmatov, Sergey"]
[Black "Ivkov, Borislav"]
[Result "0-1"]
[WhiteElo "2540"]
[BlackElo "2510"]
[PlyCount "85"]
[EventDate "1985.04.12"]
[EventType "tourn"]
[EventRounds "11"]
[EventCountry "URS"]
[EventCategory "13"]
[SourceTitle "MCL"]
[Source "ChessBase"]
[SourceDate "1999.07.01"]
[SourceVersion "1"]
[SourceVersionDate "1999.07.01"]
[SourceQuality "1"]

1. e4 e5 2. Nf3 Nc6 3. Bc4 Nf6 4. Ng5 d5 5. exd5 Na5 6. Bb5+ c6 7. dxc6 bxc6 8.
Be2 h6 9. Nh3 Bc5 10. d3 O-O 11. O-O Nb7 12. Kh1 Re8 13. Nc3 Bb6 14. f4 Bc7 15.
fxe5 Bxe5 16. Bf4 Bxh3 17. gxh3 Bxf4 18. Rxf4 Nc5 19. Rc4 Ne6 20. Bf3 c5 21.
Qf1 Rb8 22. Na4 Qd6 23. Qf2 Nd7 24. Bg2 Re7 25. Re4 Nf6 26. Re2 Rb4 27. b3 Rf4
28. Qg3 Nh5 29. Qe3 Rf5 30. Rae1 Nhf4 31. Rf2 Nxg2 32. Rxg2 Ng5 33. Qxe7 Rf1+
34. Rg1 Qd5+ 35. Re4 Qf5 36. Re3 Qf2 37. Qxg5 hxg5 38. Reg3 Rxg1+ 39. Rxg1 Qf3+
40. Rg2 Qd1+ 41. Rg1 Qxc2 42. Rxg5 Qxd3 43. Rg3 0-1

[Event "FRA-chT"]
[Site "France"]
[Date "1990.??.??"]
[Round "?"]
[White "Renet, Olivier"]
[Black "Ivkov, Borislav"]
[Result "0-1"]
[WhiteElo "2520"]
[BlackElo "2480"]
[PlyCount "80"]
[EventDate "1990.??.??"]
[EventType "team"]
[EventRounds "11"]
[EventCountry "FRA"]
[SourceTitle "EXT 2007"]
[Source "ChessBase"]
[SourceDate "2006.11.23"]
[SourceVersion "1"]
[SourceVersionDate "2006.11.23"]
[SourceQuality "1"]

1. e4 e6 2. d4 d5 3. Nc3 Bb4 4. e5 Ne7 5. a3 Bxc3+ 6. bxc3 b6 7. Qg4 Ng6 8. h4
h5 9. Qd1 Ba6 10. Bxa6 Nxa6 11. Bg5 Qd7 12. Ne2 Qc6 13. O-O Nf8 14. a4 Nb8 15.
a5 Nbd7 16. Re1 f6 17. Bc1 Ng6 18. axb6 cxb6 19. Ba3 Kf7 20. g3 a5 21. Bd6 b5
22. Qc1 Nb6 23. Bc5 Nc4 24. Nf4 Nxf4 25. Qxf4 f5 26. f3 Qd7 27. Kg2 Rab8 28.
Rh1 Kg8 29. Ra2 Qf7 30. Bd6 Rb7 31. Bc5 Qg6 32. Kf2 Kh7 33. Ke1 Ra8 34. Ra1 Qh6
35. Qxh6+ Kxh6 36. Rg1 Rg8 37. Kf2 f4 38. Raf1 Rf7 39. gxf4 Rxf4 40. Rb1 Rxh4
0-1

[Event "Petrosian Memorial"]
[Site "Moscow"]
[Date "1999.06.21"]
[Round "4"]
[White "Tseshkovsky, Vitaly"]
[Black "Ivkov, Borislav"]
[Result "0-1"]
[WhiteElo "2556"]
[BlackElo "2444"]
[PlyCount "126"]
[EventDate "1999.06.??"]
[EventType "tourn"]
[EventRounds "9"]
[EventCountry "RUS"]
[EventCategory "11"]
[SourceTitle "CBM 072"]
[Source "ChessBase"]
[SourceDate "1999.10.01"]
[SourceVersion "1"]
[SourceVersionDate "1999.10.01"]
[SourceQuality "1"]

1. e4 e5 2. Nf3 Nc6 3. Bb5 a6 4. Ba4 Nf6 5. O-O Be7 6. Re1 b5 7. Bb3 d6 8. c3
O-O 9. d4 Bg4 10. d5 Na5 11. Bc2 c5 12. Nbd2 Ne8 13. h3 Bd7 14. Nf1 Nc4 15. b3
Nb6 16. Ne3 g6 17. a4 Bf6 18. Ng4 Bg7 19. Nh6+ Kh8 20. axb5 axb5 21. Bg5 f6 22.
Be3 Nc7 23. Qd2 Qe7 24. h4 Rxa1 25. Rxa1 Ra8 26. Qc1 Rxa1 27. Qxa1 Qf8 28. Qa7
Nba8 29. Ng5 Bxh6 30. Nf7+ Qxf7 31. Bxh6 Qe8 32. b4 cxb4 33. cxb4 Qc8 34. Bd3
Kg8 35. Qe3 Ne8 36. h5 g5 37. Bxg5 fxg5 38. Qxg5+ Kf7 39. h6 Bg4 40. Bxb5 Nac7
41. Bc6 Bd7 42. Qh5+ Kf8 43. Qf3+ Ke7 44. Qg3 Bxc6 45. Qg5+ Kf7 46. Qh5+ Kf8
47. dxc6 Nf6 48. Qg5 Nce8 49. b5 Qb8 50. Qf5 Kf7 51. g4 Qxb5 52. c7 Nxc7 53. g5
Nce8 54. gxf6 Nxf6 55. f3 Qb1+ 56. Kg2 Qc1 57. Qh3 Qg5+ 58. Kf2 Kg6 59. Qe6
Qxh6 60. Qxd6 Qf4 61. Qe6 h5 62. Qh3 h4 63. Qe6 Qg3+ 0-1